000 00439cam a2200169ua 4500
041 _aeng
_h
082 _a664.07
_bBIN/HY
100 _aBinsted, Raymond .
245 _aHygiene in food manufacturing and handling /
_cRaymond Binsted.
_hTextual Documents
250 _a1 /
_b.
260 _a :
_bFood trade press ltd ,
_c1964.
300 _a148 ; .
504 _a
700 1 _aGrahamrack, Barry .
942 _cBK
999 _c760
_d760